000 01413nam a2200289Ia 4500
001 ebr10363500
003 CaPaEBR
006 m u
007 cr cn|||||||||
008 100416s2009 ne s 000 0 eng d
020 _z9789056295899
040 _aCaPaEBR
_cCaPaEBR
035 _a(OCoLC)647870436
050 1 4 _aQD505
_b.R674 2009eb
100 1 _aRothenberg, Gadi.
245 1 0 _aCatalysis, God's algorithm, and the Green Demon
_h[electronic resource] :
_binaugural lecture delivered on the appointment to the chair of Heterogeneous Catalysis and Sustainable Chemistry at the Van 't Hoff Institute for Molecular Sciences, University of Amsterdam on Friday 29 May 2009 /
_cGadi Rothenberg.
260 _aAmsterdam :
_bAmsterdam University Press,
_c2009.
300 _a19 p.
490 0 _aInaugural lecture series / Amsterdam University ;
_v337
533 _aElectronic reproduction.
_bPalo Alto, Calif. :
_cebrary,
_d2010.
_nAvailable via World Wide Web.
_nAccess may be limited to ebrary affiliated libraries.
650 0 _aCatalysis.
650 0 _aEnvironmental chemistry
_xIndustrial applications.
655 7 _aElectronic books.
_2local
710 2 _aUniversiteit van Amsterdam.
_bVan 't Hoff Institute for Molecular Sciences.
710 2 _aebrary, Inc.
856 4 0 _uhttp://site.ebrary.com/lib/rucke/Doc?id=10363500
_zAn electronic book accessible through the World Wide Web; click to view
999 _c216369
_d216369